Top Five Countries By Wildlife Population - Statistics

General Stats
  • This quiz has been taken 63 times
  • The average score is 20 of 26
Answer Stats
Animal Country % Correct
Raccoons, Coyotes Canada
100%
Tigers, Rhinos India
98%
Foxes, Raccoons, Coyotes United States
98%
Lions, Elephants, Rhinos Kenya
96%
Foxes, Hedgehogs, Tigers Russia
96%
Lions, Rhinos South Africa
93%
Raccoons, Coyotes Mexico
91%
Hedgehogs United Kingdom
91%
Lions, Elephants Tanzania
89%
Foxes China
87%
Lions, Elephants Botswana
82%
Tigers Thailand
82%
Hedgehogs, Raccoons Germany
78%
Tigers Indonesia
78%
Lions Zambia
78%
Hedgehogs France
76%
Rhinos Namibia
76%
Elephants, Rhinos Zimbabwe
76%
Hedgehogs Italy
64%
Tigers Nepal
64%
Coyotes Guatemala
58%
Foxes Australia
55%
Coyotes Honduras
51%
Foxes Iran
51%
Elephants Gabon
38%
Raccoons Belgium
18%
No matching quizzes found
Score Distribution
Percent of People with Each Score
Percentile by Number Answered
Your Score History
You have not taken this quiz